| 000 | 00779nam a2200253Ia 4500 | ||
|---|---|---|---|
| 003 | OSt | ||
| 005 | 20221006143316.0 | ||
| 006 | a|||||r|||| 00| 0 | ||
| 007 | ta | ||
| 008 | 221006b |||||||| |||| 00| 0 eng d | ||
| 020 | _cY6000 | ||
| 024 | _a8,613 | ||
| 037 | _cTextual | ||
| 040 |
_aEASL _cEASL _beng |
||
| 041 |
_2eng _aeng |
||
| 082 | _aX8(F).42.N8, M6 | ||
| 100 |
_aPATRICK Hugh Ed. _9237969 |
||
| 245 | 0 |
_aJapan's high technology industries _b Lessons and limitations of industrial policy |
|
| 260 |
_aTokyo _bUniversity of Washington Press Japan _c1986 |
||
| 300 |
_a277p. _ccm. |
||
| 500 | _aBook is lost. Receipt No. 2001, Dated 08.10.2013 of Rs. 968/= | ||
| 942 |
_hX8(F).42.N8, M6 _cTEXL _2CC |
||
| 999 |
_c1076699 _d1076699 |
||